| 000 | 01127nam a22003497a 4500 | ||
|---|---|---|---|
| 003 | BR-BrBNA | ||
| 005 | 20240421143910.0 | ||
| 008 | 240421b bl.||||| |||| 00| 0 por d | ||
| 020 | _a85-7300-001-5 | ||
| 040 |
_aBR-BrBNA _bpor |
||
| 041 | _apor | ||
| 072 | _aC10 ; P01 | ||
| 090 | _aC10 BR2024000866 | ||
| 100 | 0 | _aOliveira, Elísio Márcio (ed.) | |
| 100 | 0 | _aFonseca, Elizabete Lopes Pinheiro (ed.) | |
| 110 | _aInstituto Brasileiro do Meio Ambiente e dos Recursos Naturais Renováveis, Brasília, DF (Brasil) | ||
| 245 |
_aAmazônia: uma proposta interdisciplinar de educação ambiental _bDocumentos Metodológicos |
||
| 260 |
_aBrasília, DF (Brasil) _c1994 |
||
| 300 |
_a128 p. _bil. |
||
| 500 | _aIncludes several bibliographies; 16 tables | ||
| 650 | _aMEIO AMBIENTE | ||
| 650 | _aEDUCAÇÃO AMBIENTAL | ||
| 650 | _aPOLÍTICA EDUCACIONAL | ||
| 650 | _aPOLÍTICA AMBIENTAL | ||
| 650 | _aPOLÍTICAS PÚBLICAS | ||
| 650 | _aCAPACITAÇÃO | ||
| 650 | _aDESENVOLVIMENTO SUSTENTÁVEL | ||
| 650 | _aLEGISLAÇÃO AMBIENTAL | ||
| 650 | _aAMAZÔNIA | ||
| 909 |
_a202404 _bFernando |
||
| 942 | _cBK | ||
| 999 |
_c299251 _d299251 |
||